MARC

LEADER 00000nam0a2200000 4500
001 372671
005 20231102012510.0
010 |a 5020059986 
035 |a (RuTPU)RU\TPU\retro\30096 
035 |a RU\TPU\book\269964 
090 |a 372671 
100 |a 20221215d1989 m y0rusy50 ca 
101 0 |a rus 
102 |a RU 
105 |a ac z 001zb 
200 1 |a Джеймс Несмит (1808-1890)  |f Ф. Н. Загорский, И. М. Загорская 
210 |a Москва  |c Наука  |d 1989 
215 |a 192 с.  |c ил., портр. 
225 1 |a Научно-биографическая литература 
320 |a Библиогр. в конце кн. 
600 1 |a Несмит  |b Д.  |g Джеймс  |f 1808-1890  |c шотланский инженер и изобретатель 
606 1 |a Инженерное дело  |2 stltpush  |3 (RuTPU)RU\TPU\subj\12589  |9 39351 
610 1 |a изобретатели 
610 1 |a инженеры 
610 1 |a астрономы 
610 1 |a паровые машины 
610 1 |a молоты 
610 1 |a персоналии 
610 1 |a открытия 
675 |a 62(09)  |v 3 
700 1 |a Загорский  |b Ф. Н.  |g Федор Николаевич 
701 1 |a Загорская  |b И. М.  |g Ирина Михайловна 
801 1 |a RU  |b 63413507  |c 20140109 
801 2 |a RU  |b 63413507  |c 20221223  |g RCR 
942 |c BK